| 000 | 00834nam0a22002291 4500 | ||
|---|---|---|---|
| 001 | rc\793461 | ||
| 005 | 20260407122959.0 | ||
| 035 | _a(NLR Aleph) 006318506 | ||
| 090 |
_a7426913 _c7426913 |
||
| 100 | _a20040301d1984 |||y0rusy50 ca | ||
| 101 | 0 | _arus | |
| 102 | _aRU | ||
| 105 | _ay ||||||||| | ||
| 200 | 1 |
_aЕдинство партии и народа - источник нашей силы _e(К итогам внеочеред. февр. (1984 г.) Пленума ЦК КПСС) _fО-во "Знание" МССР |
|
| 210 |
_aКишинев _cО-во "Знание" МССР _d1984 |
||
| 215 |
_a11 с. _d21 |
||
| 712 | 0 | 2 |
_a"Знание", общество МССР _cКишинев _3RU\NLR\AUTH\889960904 _9418142 |
| 801 | 0 |
_aRU _bNLR _gpsbo |
|
| 801 | 1 |
_aRU _bELAR _2rusmarc |
|
| 852 |
_aNLR _j84-4/22269 |
||
| 942 | _cBOOK | ||
| 980 | _aNB | ||